[Event "Belgrade-chT"]
[Site "Belgrade"]
[Date "2017.10.15"]
[Round "5.7"]
[White "Jolovic, Igor"]
[Black "Djurisic, Dusan"]
[Result "1/2-1/2"]
[WhiteElo "1864"]
[BlackElo "1926"]
[PlyCount "47"]
[EventDate "2017.10.01"]
[EventType "team-tourn"]
[EventRounds "11"]
[EventCountry "SRB"]
[SourceTitle "CBM 181 Extra"]
[Source "ChessBase"]
[SourceDate "2017.12.12"]
[SourceVersion "1"]
[SourceVersionDate "2017.12.12"]
[SourceQuality "1"]
[WhiteTeam "Vidikovac"]
[BlackTeam "Nis Jugopetrol"]
[WhiteTeamCountry "SRB"]
[BlackTeamCountry "SRB"]

1. d4 e6 2. c4 f5 3. Nf3 Nf6 4. Bg5 Be7 5. e3 0-0 6. Bd3 d6 7. Nc3 Nc6 8. Rc1 Qe8 9. Nb5 Bd8 10. c5 d5 11. Bf4 Qe7 12. Bg5 a6 13. Nc3 Qf7 14. Bf4 Ne4 15. 0-0 Bd7 16. a3 Be8 17. Ne2 h6 18. Ng3 Bf6 19. Bxe4 fxe4 20. Ne5 Nxe5 21. dxe5 Be7 22. Ne2 Bb5 23. Re1 Bh4 24. Qd2 1/2-1/2

[Event "Belgrade-chT"]
[Site "Belgrade"]
[Date "2017.05.13"]
[Round "4.1"]
[White "Jolovic, Igor"]
[Black "Jankovic, Srdjan"]
[Result "0-1"]
[WhiteElo "1888"]
[BlackElo "1932"]
[PlyCount "50"]
[EventDate "2017.05.10"]
[EventType "team-swiss"]
[EventRounds "5"]
[EventCountry "SRB"]
[SourceTitle "CBM 178 Extra"]
[Source "ChessBase"]
[SourceDate "2017.06.22"]
[SourceVersion "1"]
[SourceVersionDate "2017.06.22"]
[SourceQuality "1"]
[WhiteTeam "Vidikovac"]
[BlackTeam "Usce"]
[WhiteTeamCountry "SRB"]
[BlackTeamCountry "SRB"]

1. d4 e6 2. c4 f5 3. Nf3 Nf6 4. Nc3 Bb4 5. Bd2 d6 6. Rc1 0-0 7. e3 Nbd7 8. Bd3 Bxc3 9. Bxc3 Ne4 10. h4 Ndf6 11. Qc2 Qe8 12. Ng5 Nxc3 13. bxc3 h6 14. Nh3 Bd7 15. Nf4 e5 16. Nd5 Nxd5 17. cxd5 e4 18. Be2 f4 19. exf4 Rxf4 20. g3 Rf6 21. c4 Qf7 22. Rh2 Rf8 23. Bd1 Re8 24. Qe2 Rf3 25. Kf1 Rxg3 0-1